Ultimate Currency Quiz - Statistics

General Stats
  • This quiz has been taken 401 times
    66 since last reset
  • The average score is 10 of 13
Answer Stats
Picture Answer % Correct
Dollar
100%
Euro
98%
Pound
97%
Yen
93%
Peso
88%
Ruble
86%
Franc
85%
Rupee
83%
Lira
71%
Yuan
69%
Won
68%
Kroner
59%
Leu
32%
No matching quizzes found
Score Distribution
Percent of People with Each Score
Percentile by Number Answered
Your Score History
You have not taken this quiz since the last reset